| 000 | 01103nam0a2200349 4500 | ||
|---|---|---|---|
| 001 | RU\NLR\bibl\205354 | ||
| 005 | 20260405145712.0 | ||
| 010 |
_a5-8071-0068-9 _bВ пер. _94000 |
||
| 021 |
_aRU _b2001-27734 _91327 |
||
| 035 | _a(NLR Aleph) 000201612 | ||
| 090 |
_a1168516 _c1168516 |
||
| 100 | _a20011114d2001 |||y0rusy50 ca | ||
| 101 | 1 |
_arus _ceng |
|
| 102 | _aRU | ||
| 105 | _ay ||||||||| | ||
| 200 | 1 |
_aПять домов дзэн _fСост. и ред. Томаса Клири _g[Пер. с англ. Котенко Р.В.] |
|
| 210 |
_aСПб. _cЕвразия _d2001 |
||
| 215 |
_a268, [1] с. _d17 |
||
| 606 | 0 |
_aДзен _9996179 _3RU\NLR\auth\66377057 |
|
| 610 | 0 | _aДзэн-буддизм | |
| 675 |
_a294 _v3 _zrus |
||
| 686 |
_a21.51 _2rugasnti |
||
| 686 |
_a86.35 _2rubbk |
||
| 686 | _aЭ353.2 | ||
| 701 | 1 |
_4070 _8rus _7ca _aКлири _bТ. _f1949- _gТомас _3RU\NLR\auth\7761100 _944030 |
|
| 801 | 0 |
_aRU _bRKP _c20011114 _gPSBO |
|
| 801 | 1 |
_aRU _bRKP _c20011114 |
|
| 801 | 2 |
_aRU _bNLR _c20080205 _grcr |
|
| 942 | _cBOOK | ||
| 980 | _aNB | ||